000 00730nam a2200229Ia 4500
003 OSt
005 20220930104046.0
008 210716s2010 xx 000 0 und d
020 _a9781439806128
040 _cAIMIT LIBRARY
041 _aeng
082 _a005.448
_21
_bCHEB
100 _aChee, Brian J S.
_958852
245 _aCloud computing :
_btechnologies and strategies of the ubiquitous data center /
_cBy Brian J S Chee and Curtis Franklin.
250 _a1st ed.
260 _aNew York :
_bCRC Press ,
_c2010 .
300 _axvii, 270p. ;
_bPB
_c23 cm.
650 _aCloud issues and security
_958853
650 _aCloud providers
_958854
700 _aFranklin, Curtis.
_958855
942 _2ddc
_cBK
_e1st
_k005.448 CHEB
999 _c193591
_d193591